| 000 | 01978nam a2200349 4500 | ||
|---|---|---|---|
| 003 | OSt | ||
| 005 | 20260508081509.0 | ||
| 008 | 260508b |||||||| |||| 00| 0 aze d | ||
| 040 |
_aAZ-XaKU _cAZ-XaKU _baze |
||
| 041 | 0 | _aaze | |
| 050 | 1 | 4 | _aG155 .B114 2024 |
| 100 | 1 |
_aBabayeva, Səbinə, _emüəllif. |
|
| 245 | 1 |
_aAzərbaycanın milli muzeyləri və mədəni turizm potensialı _c/ Səbinə Babayeva ; elmi redaktor Cəfər Cəfərov ; rəyçilər Günay Qafarova, Səyavuş Məhişov, Nailə Musayeva |
|
| 264 |
_aBakı: _bMütərcim, _c2024. |
||
| 300 |
_a152 səhifə; _c21.5 sm. |
||
| 336 |
_atext _btxt _2rdacontent |
||
| 337 |
_aunmediated _bn _2rdamedia |
||
| 338 |
_avolume _bnc _2rdacarrier |
||
| 500 | _aAzərbaycan Turizm və Menecment Universiteti Elmi Şurasının 29.12.2023-cü il tarixli iclasının qərarı ilə (pr.№4) çapa tövsiyə edilmişdir. | ||
| 504 | _aƏdəbiyyat siyahısı: s. 131-144 | ||
| 505 | 0 | _aGiriş -- I fəsil. Mədəni turizm və onun müasir turizm bazarında yeri -- II fəsil. Müasir turizm fəaliyyətində muzeylərin rolu -- III fəsil. Azərbaycanda milli muzeylərin turizmin inkişafına təsiri. | |
| 520 | 0 | _aMonoqrafiyada milli muzeylərin mədəni turizm baxımından təbliği, dünyanın aparıcı muzeylərinin təcrübəsinin tətbiq edilməsi, bu sahədə mövcud olan problemlər və onların həlli yolları işıqlandırılır. | |
| 521 | _aMonoqrafiya muzey və turizm sahəsi üzrə alimlər və mütəxəssislər, sənətşünaslar, muzey işçiləri, muzey və turizm ixtisası üzrə təhsil alan bakalavrlar, magistrlar. doktorantlar üçün əhəmiyyətli bir vəsaitdir. | ||
| 650 | 7 |
_2AZ-XaKU _aMuzeyşünaslıq |
|
| 655 |
_2Az-XaKU _aMonoqrafiya |
||
| 700 | 1 |
_aCəfərov, Cəfər, _eelmi redaktor. |
|
| 700 | 1 |
_aQafarova, Günay, _erəyçi. |
|
| 700 | 1 |
_aMəhişov, Səyavuş, _erəyçi. |
|
| 700 | 1 |
_aMusayeva, Nailə, _erəyçi. |
|
| 942 | _cBOOK | ||
| 999 |
_c394 _d394 |
||